[Event "QA-ANNIV-06"]
[Site "http://www.queenalice.com/game.php?id=836930"]
[Date "2010.9.23"]
[Round "2"]
[White "BRASILOV"]
[Black "llcarrascoll"]
[Result "1-0"]
[WhiteElo "2473"]
[BlackElo "1822"]

1. e4 e5 2. Nf3 Nf6 3. Nxe5 d6 4. Nf3 Nxe4 5. d4 d5 6. Bd3 Be7 7. O-O O-O 8. c4
Nc6 9. cxd5 Qxd5 10. Nc3 Nxc3 11. bxc3 Bg4 12. Re1 Bxf3 13. Qxf3 Qxf3 14. gxf3
Bd6 15. Rb1 Rab8 16. Be3 1-0

[Event "QA-ANNIV-05"]
[Site "http://www.queenalice.com/game.php?id=841360"]
[Date "2010.10.3"]
[Round "6"]
[White "Caronte"]
[Black "BRASILOV"]
[Result "1/2-1/2"]
[WhiteElo "2578"]
[BlackElo "2482"]

1. e4 c5 2. Nf3 d6 3. d4 cxd4 4. Nxd4 Nf6 5. Nc3 a6 6. Bc4 e6 7. Bb3 b5 8. O-O
Be7 9. Qf3 Qb6 10. Be3 Qb7 11. Qg3 b4 12. Na4 Nbd7 13. f3 O-O 14. Rfd1 Ne5 15.
a3 bxa3 16. Rxa3 Bd7 17. Ne2 Bb5 18. Nd4 Bd7 19. Ne2 Bb5 20. Nf4 d5 21. Raa1
dxe4 22. Nc5 Bxc5 23. Bxc5 Rfd8 24. Nxe6 Nxf3+ 25. gxf3 fxe6 26. f4 Kh8 27. Qf2
Qf7 28. Bd4 Bc6 29. f5 Bd5 30. fxe6 Bxe6 31. Bxe6 Qxe6 32. Rd2 a5 33. Rf1 a4 34.
Bxf6 gxf6 35. Rxd8+ Rxd8 36. Qxf6+ Qxf6 37. Rxf6 e3 38. Kf1 Rd2 39. h4 Rxc2 40.
Rf4 Kg7 41. Rxa4 Rf2+ 42. Ke1 Rxb2 43. Re4 Rh2 44. Rxe3 Rxh4 45. Kf2 h5 46. Kg2
Kf6 47. Ra3 Re4 48. Kg3 h4+ 49. Kh3 Kg6 1/2-1/2

[Event "QA-ANNIV-06"]
[Site "http://www.queenalice.com/game.php?id=885037"]
[Date "2011.1.12"]
[Round "3"]
[White "Capelense"]
[Black "BRASILOV"]
[Result "0-1"]
[WhiteElo "2221"]
[BlackElo "2484"]

1. e4 b6 2. d4 Bb7 3. Nc3 e6 4. Nf3 Bb4 5. Bd3 Nf6 6. Qe2 d5 7. exd5 Nxd5 8. Bd2
Nxc3 9. Bxc3 Bxc3+ 10. bxc3 O-O 11. O-O Nd7 12. Rab1 c5 13. Rfe1 Rc8 14. Red1 c4
15. Bxc4 Bxf3 16. gxf3 Nf6 17. Kh1 Rc6 18. Rg1 g6 19. Rb3 Qc7 20. Bd3 Rxc3 21.
Qd2 Rc8 22. h4 Nd5 23. h5 Qf4 24. Qxf4 Nxf4 25. hxg6 hxg6 26. Ra1 f5 27. Kh2 Kg7
28. Kg3 g5 29. Rxc3 Rxc3 30. a4 Nxd3 31. cxd3 Rxd3 32. a5 g4 33. axb6 Rxf3+ 34.
Kg2 axb6 35. Rb1 Kf7 36. Rxb6 Ke7 37. Ra6 Rd3 38. Ra4 Kd6 39. Rb4 Kd5 40. Rb7
Kxd4 41. Rb4+ Kd5 42. Rb5+ Ke4 43. Rb4+ Rd4 44. Rb1 e5 45. Re1+ Kf4 46. Rc1 Rd2
47. Rc4+ e4 48. Rc3 Rd3 0-1

[Event "QA-ANNIV-05"]
[Site "http://www.queenalice.com/game.php?id=885943"]
[Date "2011.1.13"]
[Round "7"]
[White "BRASILOV"]
[Black "csparrow"]
[Result "1-0"]
[WhiteElo "2487"]
[BlackElo "2605"]

1. e4 c5 2. Nf3 d6 3. d4 cxd4 4. Nxd4 Nf6 5. Nc3 a6 6. Be3 e6 7. f3 h5 8. Qd2 b5
9. a4 b4 10. Na2 d5 11. e5 Nfd7 12. f4 Nc5 13. c3 Ne4 14. Qc2 bxc3 15. Nxc3 Qc7
16. Bd3 Nxc3 17. O-O Nd7 18. bxc3 h4 19. c4 h3 20. cxd5 Qxc2 21. Bxc2 exd5 22.
Bb3 Nb6 23. Nb5 axb5 24. Bxb6 Rh6 25. a5 hxg2 26. Rfc1 Bb7 27. Rab1 Rb8 28. Rc7
Rc6 29. Rxc6 Bxc6 30. Rc1 Ba8 31. Kxg2 Be7 32. Kf3 Bd8 33. Ba7 1-0

[Event "QA-ANNIV-05"]
[Site "http://www.queenalice.com/game.php?id=921215"]
[Date "2011.4.3"]
[Round "8"]
[White "AndyWo"]
[Black "BRASILOV"]
[Result "1/2-1/2"]
[WhiteElo "2613"]
[BlackElo "2498"]

1. e4 c5 2. Nf3 d6 3. d4 cxd4 4. Nxd4 Nf6 5. Nc3 a6 6. Be2 e5 7. Nb3 Be7 8. O-O
O-O 9. Be3 Be6 10. Qd2 Nbd7 11. a4 Nb6 12. a5 Nc4 13. Bxc4 Bxc4 14. Rfd1 Rc8 15.
Nc1 d5 16. Bb6 Qe8 17. Nxd5 Nxe4 18. Nxe7+ Qxe7 19. Qe1 f5 20. b3 Bf7 21. c4 Bh5
22. Rd5 Bf7 23. Rd1 Bh5 24. Rd5 Bf7 1/2-1/2

[Event "Challenge"]
[Site "http://www.queenalice.com/game.php?id=931227"]
[Date "2011.4.28"]
[Round "-"]
[White "Ramoalid_liempten"]
[Black "BRASILOV"]
[Result "0-1"]
[WhiteElo "2092"]
[BlackElo "2489"]

1. d4 Nf6 2. c4 c5 3. e3 d5 4. cxd5 Nxd5 5. dxc5 e5 6. Nf3 Nc6 7. Bc4 Be6 8. Qb3
Qd7 9. Bd2 Nc7 10. Bc3 f6 11. Nbd2 Bxc5 12. O-O b5 13. Bxe6 Qxe6 14. Rac1 Qxb3
15. Nxb3 Bb6 16. Bd2 Ne7 17. Rfd1 Kf7 18. Ba5 Ne6 19. Rd7 Rhd8 20. Rcd1 Rxd7 21.
Rxd7 Re8 22. Bxb6 axb6 23. Rb7 Rc8 24. Ne1 Ra8 25. a3 Ra6 26. Nd3 Nd8 27. Rd7
Ke8 28. Rd6 Nf7 29. Re6 Ng5 30. Rd6 Ne4 31. Re6 Ra7 32. Nb4 Rd7 0-1

[Event "QA-ANNIV-05"]
[Site "http://www.queenalice.com/game.php?id=953548"]
[Date "2011.6.24"]
[Round "9"]
[White "BRASILOV"]
[Black "plexus"]
[Result "1/2-1/2"]
[WhiteElo "2486"]
[BlackElo "2620"]

1. e4 e5 2. Bc4 Nf6 3. d3 c6 4. Nf3 d5 5. Bb3 Bd6 6. Nc3 dxe4 7. Ng5 O-O 8.
Ngxe4 Nxe4 9. Nxe4 Bf5 10. O-O Na6 11. Be3 Bxe4 12. dxe4 Bc5 13. Qf3 Bxe3 14.
Qxe3 Qd4 15. Qxd4 exd4 16. Rad1 Rad8 17. Rd2 Rd7 18. e5 Nc5 19. Bc4 Rfd8 20. Re1
Kf8 21. f4 d3 22. c3 a5 23. Kf2 a4 24. a3 b5 25. Ba2 Re8 26. g4 f6 27. e6 Rdd8
28. f5 g6 29. Ke3 h5 30. gxh5 gxf5 31. Rf2 Nxe6 32. Kd2 Nc5 33. Rxf5 Rxe1 34.
Kxe1 d2+ 35. Kd1 Nd3 36. Kxd2 Nb4+ 37. Ke3 Nxa2 38. Rxf6+ Kg7 39. Rxc6 Nc1 40.
c4 Re8+ 41. Kf3 Rf8+ 42. Kg4 Nd3 43. Rc7+ 1/2-1/2

[Event "BRASILOV x amarkin"]
[Site "http://www.queenalice.com/game.php?id=961178"]
[Date "2011.7.17"]
[Round "-"]
[White "BRASILOV"]
[Black "amarkin"]
[Result "1/2-1/2"]
[WhiteElo "2491"]
[BlackElo "2557"]

1. d4 Nf6 2. c4 g6 3. Nc3 Bg7 4. e4 O-O 5. Nf3 d6 6. Be2 e5 7. O-O exd4 8. Nxd4
Nc6 9. Be3 Nxd4 10. Bxd4 b6 11. f4 c5 12. Bf2 Qd7 13. Re1 Ng4 14. Bxg4 Qxg4 15.
Qxg4 Bxg4 16. f5 Bxc3 17. bxc3 gxf5 18. h3 Bh5 19. exf5 f6 20. Bh4 Rfe8 21. Kf2
Kg7 22. g4 Bf7 23. Rad1 Rxe1 24. Rxe1 Re8 25. Rxe8 Bxe8 26. Bg3 Bf7 27. Bxd6
Bxc4 28. a3 a6 29. Bc7 b5 30. Bb6 h6 31. Kg3 Bd3 32. Bxc5 h5 33. Kh4 hxg4 34.
hxg4 Kf7 35. Kg3 Kg8 36. Kf4 Kf7 37. g5 fxg5+ 38. Kxg5 Kg7 39. Bd4+ Kf7 40. Kf4
Be2 41. Ke5 1/2-1/2

[Event "amarkin X BRASILOV"]
[Site "http://www.queenalice.com/game.php?id=961179"]
[Date "2011.7.17"]
[Round "-"]
[White "amarkin"]
[Black "BRASILOV"]
[Result "1/2-1/2"]
[WhiteElo "2559"]
[BlackElo "2490"]

1. e4 c5 2. Nf3 d6 3. Bb5+ Nc6 4. d4 cxd4 5. Nxd4 Bd7 6. Nc3 Nf6 7. O-O g6 8.
Be3 Bg7 9. h3 O-O 10. Be2 Qc7 11. Nf3 Rac8 12. Re1 Be6 13. Ng5 Bd7 14. a3 a6 15.
Qd2 Rfd8 16. Rac1 Na5 17. Rcd1 b5 18. Nf3 Bc6 19. Nd5 Bxd5 20. exd5 Nc4 21. Bxc4
bxc4 22. Bd4 Rb8 23. Qe2 Rd7 24. Nd2 Nxd5 25. Bxg7 Kxg7 26. Nxc4 Rb5 27. Qd3 Rc5
28. b3 Nf6 29. Qd4 e5 30. Qd2 Nd5 31. h4 h5 32. a4 Rd8 33. a5 Nf4 34. g3 Ne6 35.
c3 f6 1/2-1/2

[Event "BRASILEIRÃO"]
[Site "http://www.queenalice.com/game.php?id=1027544"]
[Date "2012.2.7"]
[Round "1"]
[White "BRASILOV"]
[Black "Tsol"]
[Result "1/2-1/2"]
[WhiteElo "2491"]
[BlackElo "2645"]

1. e4 e5 2. Bc4 Nc6 3. Nc3 Nf6 4. d3 Na5 5. Nge2 Be7 6. O-O O-O 7. Ng3 c6 8. Nf5
Bb4 9. Bb3 Nxb3 10. axb3 d5 11. Qf3 Bxf5 12. Qxf5 Qe7 13. Bg5 Qe6 14. Bxf6 Qxf5
15. exf5 gxf6 16. Ne2 Kh8 17. Ra4 Bc5 18. g4 h5 19. gxh5 Kh7 20. Rfa1 Rg8+ 21.
Ng3 Rae8 22. Kg2 Rg5 23. Kf3 Reg8 24. Rh4 Kh6 25. b4 Bb6 26. Rf1 Kh7 27. c3 a6
28. Rd1 Kh6 29. Rg1 Re8 30. h3 Reg8 31. Rg4 Rh8 32. Rc1 Rd8 33. Re1 Rf8 34. Rb1
Rd8 35. Rf1 Rdg8 36. Rd1 Rc8 37. Ra1 Rd8 38. Rc1 Rd7 39. Re1 Rd8 40. Ra1 Ra8 41.
Rh1 1/2-1/2

[Event "BRASILEIRÃO"]
[Site "http://www.queenalice.com/game.php?id=1210972"]
[Date "2013.8.24"]
[Round "3"]
[White "PunditJi"]
[Black "BRASILOV"]
[Result "1/2-1/2"]
[WhiteElo "2594"]
[BlackElo "2505"]

1. c4 f5 2. d4 Nf6 3. Nc3 e6 4. e3 b6 5. Nf3 Bb7 6. Bd2 Be7 7. Bd3 O-O 8. O-O
Ne4 9. a3 Qe8 10. Bc2 c5 11. Be1 Nd6 12. b3 Qg6 13. d5 Bf6 14. Rb1 Na6 15. dxe6
dxe6 16. Qxd6 Bxf3 17. Qg3 Qxg3 18. hxg3 Bc6 19. e4 g6 20. b4 Bb7 21. exf5 exf5
22. Na4 Be7 23. Bc3 Kf7 24. f3 Rad8 25. Kf2 Bc8 26. Rh1 h5 27. Bd1 Bd7 28. Re1
Rfe8 29. f4 Be6 30. Be2 Nb8 31. Rbc1 Nd7 32. Nb2 Nf6 33. Bf3 Ng4+ 34. Kg1 Bd6
35. Rb1 Kf8 36. Bc6 Re7 37. Bf3 Bf7 38. Red1 Ree8 39. Rd3 Be7 40. Rxd8 Rxd8 41.
Re1 Rd7 42. Be2 Rd6 43. bxc5 bxc5 44. Bxg4 fxg4 45. Kf2 g5 46. f5 Bf6 47. Bxf6
Rxf6 48. Re5 Bg6 49. Rxc5 Rxf5+ 50. Rxf5+ Bxf5 51. Ke3 Ke7 52. Nd1 Bd7 53. Kd4
Kd6 54. Ne3 Ke6 55. Ke4 h4 56. Kd4 Bc6 57. gxh4 gxh4 58. Nxg4 Bxg2 59. Nf2 h3
60. Nxh3 Bxh3 61. Kc3 1/2-1/2

[Event "FIFA World Cup"]
[Site "http://www.queenalice.com/game.php?id=1256288"]
[Date "2014.2.14"]
[Round "1"]
[White "Cevapcic"]
[Black "BRASILOV"]
[Result "0-1"]
[WhiteElo "2413"]
[BlackElo "2526"]

1. d4 Nf6 2. c4 c5 3. d5 b5 4. cxb5 a6 5. bxa6 g6 6. Nc3 Bxa6 7. e4 Bxf1 8. Kxf1
d6 9. Nf3 Bg7 10. g3 Nbd7 11. Kg2 O-O 12. h3 Qa5 13. Re1 Rfb8 14. Re2 Ne8 15.
Rc2 Nc7 16. Bg5 h6 17. Bd2 Qa6 18. Qf1 Nb5 19. Nxb5 Qxb5 20. Qxb5 Rxb5 21. a4
Rxb2 22. Rxb2 Bxb2 23. Ra2 Bg7 24. a5 e6 25. dxe6 fxe6 26. a6 Ra7 27. Ra5 Bf8
28. Be3 Kf7 29. g4 e5 30. Nd2 Nb8 31. Rb5 Nxa6 32. Kf3 Nc7 33. Rb6 Ne8 34. h4
Be7 35. Bxh6 Bxh4 36. Be3 Bd8 37. Rb2 Ke6 38. Rb1 Ra4 39. Ke2 Ba5 40. Rb8 Nc7
41. Rg8 Bxd2 42. Kxd2 Rxe4 43. Rxg6+ Kd5 44. g5 Ne6 45. Rf6 Rg4 46. g6 Nf4 47.
Bxf4 exf4 48. Rf7 Rg2 49. Rxf4 Rxg6 50. Rh4 Kc6 51. Ra4 Rg1 0-1

[Event "BRASILEIRÃO"]
[Site "http://www.queenalice.com/game.php?id=1261468"]
[Date "2014.3.2"]
[Round "4"]
[White "BRASILOV"]
[Black "Kuarwaki"]
[Result "1-0"]
[WhiteElo "2507"]
[BlackElo "2602"]

1. d4 Nf6 2. c4 e6 3. Nc3 Bb4 4. e3 d5 5. a3 Bxc3+ 6. bxc3 O-O 7. cxd5 exd5 8.
Bd3 b6 9. Ne2 Ba6 10. Bxa6 Nxa6 11. Qd3 Qc8 12. f3 Re8 13. O-O c5 14. Ng3 Qb7
15. Ra2 Rad8 16. Raf2 b5 17. Qf5 Rd7 18. Re2 Re6 19. Bb2 Rde7 20. Rfe1 g6 21.
Qg5 Re8 22. Qh6 Qc6 23. e4 Nc7 24. h4 a5 25. e5 Nd7 26. h5 b4 27. axb4 axb4 28.
cxb4 cxd4 29. Bxd4 Qc4 30. Qd2 Rc6 31. Bb2 Qh4 32. Nf1 Nb6 33. e6 Rexe6 34. g3
Qd8 35. hxg6 Rxg6 36. b5 Rc4 37. f4 f5 38. Ne3 Rxf4 39. Rg2 Re4 40. Nxf5 Nc4 41.
Qc1 Rxe1+ 42. Qxe1 Ne6 43. Re2 Qd7 44. Qb4 Qa7+ 45. Kf1 Qc5 46. Ne7+ Kf7 47.
Qxc5 Nxc5 48. Nxg6 hxg6 49. Bd4 Ne4 50. Kg2 Ke6 51. Ra2 Kd7 52. Ra7+ Kc8 53. b6
Ned6 54. Bg1 Ne5 55. Re7 Ndc4 56. b7+ Kb8 57. g4 1-0

[Event "EUROAMERICA"]
[Site "http://www.queenalice.com/game.php?id=1300927"]
[Date "2014.8.11"]
[Round "1"]
[White "BRASILOV"]
[Black "Norfair"]
[Result "1-0"]
[WhiteElo "2517"]
[BlackElo "2551"]

1. d4 Nf6 2. c4 e6 3. g3 c5 4. d5 exd5 5. cxd5 d6 6. Nc3 g6 7. Bg2 Bg7 8. Nf3
O-O 9. O-O Re8 10. Bf4 Na6 11. Re1 Bf5 12. Qb3 Nh5 13. Bd2 Qb6 14. e4 Qxb3 15.
axb3 Bxc3 16. bxc3 Bxe4 17. c4 Bc2 18. Bf1 Nf6 19. Rxe8+ Rxe8 20. Ne1 1-0

[Event "EUROAMERICA"]
[Site "http://www.queenalice.com/game.php?id=1326016"]
[Date "2014.12.4"]
[Round "2"]
[White "BRASILOV"]
[Black "cro_kramnik"]
[Result "1-0"]
[WhiteElo "2532"]
[BlackElo "2629"]

1. c4 c5 2. Nc3 g6 3. e3 Nf6 4. Nf3 Bg7 5. d4 cxd4 6. exd4 d5 7. Bg5 Ne4 8. cxd5
Nxg5 9. Nxg5 O-O 10. Qd2 Nd7 11. Bc4 Qb6 12. Rd1 Qb4 13. Be2 Nb6 14. O-O Qa5 15.
Rfe1 Bf5 16. g4 Bd7 17. a3 Rac8 18. Nge4 Nc4 19. Bxc4 Rxc4 20. Qf4 Rxd4 21. Nf6+
Bxf6 22. Rxd4 Bxd4 23. Qxd4 Re8 24. g5 a6 25. h4 Qc7 26. Ne4 Qd8 27. Re3 Rf8 28.
Qb4 Bf5 29. Qxb7 Bxe4 30. Rxe4 e6 31. Ra4 exd5 32. Qxa6 h5 33. Rd4 Qc7 34. Kg2
Re8 35. Qb5 Re5 36. Rb4 Qe7 37. Qc6 Rf5 38. Qc3 Kh7 39. a4 Qd6 40. Qd4 Re5 41.
Qf4 Qe6 42. Qf6 Qe8 43. Rb7 Rf5 44. Qd4 Qc8 45. Rb4 Qc7 46. a5 Re5 47. a6 Re4
48. Qc3 Qd7 49. Rxe4 dxe4 50. Qe3 Qg4+ 51. Qg3 Qd7 52. b4 e3 53. fxe3 Qc8 54.
Qf4 Kg8 55. b5 Qc2+ 56. Kg3 Qc1 57. Qb8+ Kh7 58. Kf4 Qc4+ 59. Ke5 Qe6+ 60. Kd4
Qd7+ 61. Kc5 1-0

[Event "FIFA World Cup"]
[Site "http://www.queenalice.com/game.php?id=1338710"]
[Date "2015.2.1"]
[Round "2"]
[White "pedrolopez"]
[Black "BRASILOV"]
[Result "0-1"]
[WhiteElo "2537"]
[BlackElo "2542"]

1. d4 Nf6 2. Bg5 e6 3. e4 h6 4. Bxf6 Qxf6 5. Nc3 Bb4 6. Qd3 d5 7. O-O-O O-O 8.
Kb1 c6 9. f3 Nd7 10. h4 Bxc3 11. Qxc3 dxe4 12. g4 e5 13. g5 exd4 14. Rxd4 Qe5
15. fxe4 c5 16. Rd3 Qxc3 17. Rxc3 Re8 18. gxh6 gxh6 19. Nf3 Rxe4 20. Bb5 a6 21.
Bxd7 Bxd7 22. Rxc5 Rae8 23. b3 Bg4 24. Nd2 Re1+ 25. Rxe1 Rxe1+ 26. Kb2 Rh1 27.
Rc4 h5 28. Ne4 Kg7 29. Nd6 Kg6 30. Nxb7 Rxh4 31. a4 Rh1 32. Rc6+ f6 33. Rxa6 h4
34. Nc5 h3 35. Ra8 Kg7 36. Ra7+ Kh6 37. Ra8 Bf5 0-1

[Event "EUROAMERICA"]
[Site "http://www.queenalice.com/game.php?id=1373790"]
[Date "2015.7.27"]
[Round "3"]
[White "LoveChess"]
[Black "BRASILOV"]
[Result "1-0"]
[WhiteElo "2788"]
[BlackElo "2550"]

1. e4 e5 2. Nf3 Nc6 3. Bb5 f5 4. d3 fxe4 5. dxe4 Nf6 6. O-O d6 7. a3 Be7 8. Bc4
Bg4 9. Qd3 Qd7 10. Nc3 O-O-O 11. Ng5 Rhf8 12. h3 h6 13. Nf7 1-0

[Event "FIFA World Cup"]
[Site "http://www.queenalice.com/game.php?id=1394274"]
[Date "2015.11.15"]
[Round "4"]
[White "caboclo"]
[Black "BRASILOV"]
[Result "1/2-1/2"]
[WhiteElo "2684"]
[BlackElo "2559"]

1. e4 c5 2. Nf3 d6 3. d4 cxd4 4. Nxd4 Nf6 5. Nc3 a6 6. Be3 e5 7. Nb3 Be6 8. f3
Nbd7 9. Qd2 h5 10. Nd5 Nxd5 11. exd5 Bf5 12. Na5 Qc7 13. Be2 Qxc2 14. Qxc2 Bxc2
15. Nxb7 Ba4 16. Rc1 Bb5 17. Bd1 Nf6 18. Bb3 Be7 19. Na5 Bd8 20. Nc6 a5 21. a3
a4 22. Ba2 O-O 23. Kf2 Nd7 24. h3 Re8 25. Rhe1 Bh4+ 26. g3 Bd8 27. Nxd8 Rexd8
28. g4 Rab8 29. Rc3 hxg4 30. hxg4 Rdc8 31. Rec1 Rxc3 32. Rxc3 Kf8 33. Kg3 Ke7
34. Bb1 Bf1 35. Bf5 Nf6 1/2-1/2